| 000 | 01071nam a22003617a 4500 | ||
|---|---|---|---|
| 001 | BR0204990 | ||
| 003 | BR-BrBNA | ||
| 005 | 20230928101155.0 | ||
| 007 | ta | ||
| 008 | 230509b bl.||||| |||| 00| 0 por d | ||
| 040 |
_aBR-BrBNA _bpor _cBiblioteca Nacional de Agricultura |
||
| 041 | _a(Por) | ||
| 072 |
_aP35; P33 _b3840 |
||
| 090 | _ 3840 BR0204990 | ||
| 100 | 1 | _aRossete, A.L.R.M. | |
| 110 | 1 |
_aCentro de Energia Nuclear na Agricultura, Piracicaba, SP (Brasil) _0Tese (Mestre em Ciências) |
|
| 245 | 1 | _aProdução do gesso (Ca34SO4.2H2O), marcado no 34S | |
| 260 | 3 |
_aPiracicaba, SP (Brasil): _c2002. |
|
| 300 | _a73 p. | ||
| 500 | _aSummariese (Eng, Por); 45 ref.; 15 tables; 23 illus. | ||
| 650 | _aGESSO | ||
| 650 | _aCÁLCIO | ||
| 650 | _aENXOFRE | ||
| 650 | _aALUMÍNIO | ||
| 650 | _aCROMATOGRAFIA | ||
| 650 | _aRECUPERAÇÃO DO SOLO | ||
| 650 | _aESPECTROMETRIA | ||
| 650 | _aPROPRIEDADE FÍSICO-QUÍMICA | ||
| 650 | _aANÁLISE ESTATÍSTICA | ||
| 650 | _aFERTILIDADE DO SOLO | ||
| 909 |
_a202309 _bLucia _c55 _dLucia Elande |
||
| 942 | _cBK | ||
| 999 |
_c64582 _d64582 |
||